Postavenie a význam inkubátorov v systéme podpory malých a stredných podnikov na Slovensku diplomová práca

Enregistré dans:
Détails bibliographiques
Auteur principal: Rákayová, Melánia
Collectivité auteur: Podnikovohospodárska fakulta EU so sídlom v Košiciach. Katedra ekonómie
Autres auteurs: Lejková, Zuzana
Format: Livre
Langue:slovaque
Publié: Košice 2011
Tags: Ajouter un tag
Pas de tags, Soyez le premier à ajouter un tag!

MARC

LEADER 00000nbm a2200000 4500
001 0139026
005 20240827092850.0
041 0 |a slo 
044 |a SK 
245 1 0 |a Postavenie a význam inkubátorov v systéme podpory malých a stredných podnikov na Slovensku  |b diplomová práca  |c Melánia Rákayová ; školiteľ: Zuzana Lejková 
264 1 |a Košice  |c 2011 
300 |a 85 s. 
100 1 |a Rákayová, Melánia 
700 1 |a Lejková, Zuzana 
710 2 |a Podnikovohospodárska fakulta EU so sídlom v Košiciach. Katedra ekonómie